000 00449nam a2200193Ia 4500
005 20231117110722.0
008 131103s9999 xx 000 0 und d
020 _a6550525
040 _aLoreto College
041 _aEnglish
082 _aF
_bTAN
100 _aTan, Amy
245 4 _aThe hundred secret senses
_cAmy Tan
260 _aLondon
_bFlamingo
_c1997
300 _a321p, 19 cm.
650 _aFiction
850 _aLCLIB
942 _cBK
999 _c2203
_d52682